| 000 | 00654nam a2200229 a 4500 | ||
|---|---|---|---|
| 001 | 57658 | ||
| 003 | BD-RJUL | ||
| 005 | 20211209080535.0 | ||
| 008 | 161211s1981 enk 001 0 eng d | ||
| 035 | _aBD-RjUL57782 | ||
| 040 |
_aBD-RjUL _beng _cBD-RjUL |
||
| 041 | _aeng | ||
| 082 |
_223 _a968 _bWOP 1981 |
||
| 100 | 1 |
_aWoods, Donald _d1921- _9171219 |
|
| 245 | 1 | 0 |
_aApartheid : _bThe propaganda and the reality / _cDonald Woods |
| 260 |
_aLondon : _bBatsford, _c1981 |
||
| 300 |
_a42 p ; _c21 cm |
||
| 500 | _aBibliography: p. 70. | ||
| 650 | 0 |
_aApartheid _zSouth Africa _xHistory _9171220 |
|
| 830 | 0 |
_aToday's world _9171221 |
|
| 942 |
_2ddc _cBK |
||
| 999 |
_c57658 _d57658 |
||